| 000 | 00623nam a2200217Ia 4500 | ||
|---|---|---|---|
| 001 | 672 | ||
| 003 | GE_BSU | ||
| 008 | 181216s||||||||xx |||||||||||||| ||und|| | ||
| 020 | _a999402325X | ||
| 040 | _cGE_BSU | ||
| 080 | _a81 | ||
| 100 | _aლებანიძე, გ. | ||
| 245 | _aკომუნიკაციური ლინგვისტიკა | ||
| 260 | _aთბილისი | ||
| 260 | _bენა და კულტურა | ||
| 260 | _c2004 | ||
| 300 | _a325 გვ. | ||
| 541 | _h8 ლ. | ||
| 653 | _aკომუნიკაციური ლინგვისტიკა | ||
| 942 | _cBK | ||
| 999 |
_c34854 _d34854 |
||